[Event "XV MIEDZYNARODOWY FESTIWAL SZACHOWY PERLA BALTYKU - GRUPA A"]
[Site "LAZY"]
[Date "1899-12-30"]
[Round "8.9"]
[White "Kutowski, Marcel"]
[Black "Luba, Lukasz"]
[Result "1-0"]
[WhiteTitle "I"]
[BlackTitle "I++"]
[WhiteElo "1659"]
[BlackElo "2177"]

1. e4 e6 2. d4 d5 3. e5 c5 4. c3 Bd7 5. Nf3 b5 6. Bd3 c4 7. Bc2 a5 8. a3 a4 9.
O-O Qc7 10. Nh4 Nc6 11. f4 g6 12. Be3 Na5 13. Nd2 Nb3 14. Rb1 Ne7 15. Qe1 Nc6
16. Kh1 O-O-O 17. g4 Qa5 18. f5 Bxa3 19. bxa3 Qxc3 20. Bxb3 axb3 21. Ne4 Qxe1
22. Nd6+ Kc7 23. Rfxe1 f6 24. Nf7 fxe5 25. dxe5 gxf5 26. gxf5 Rdf8 27. Nxh8 d4
28. Bh6 Rxh8 29. f6 Be8 30. Nf3 Rg8 31. Rg1 Rg6 32. Bc1 Kb6 33. Nxd4 Nxd4 34.
Rxg6 Bxg6 35. Be3 Kc5 36. Rd1 c3 37. Rxd4 b2 38. Rb4+ Kd5 39. Kg2 Kc6 40. Kf2
Kd7 41. Bh6 Ke8 42. Rxb5 b1=Q 43. Rxb1 Bxb1 44. Ke3 Bg6 45. Kd4 c2 46. Kc5 Kd7
47. Kb6 Kc8 48. Kc6 Bf7 49. Kd6 Kd8 50. a4 1-0

[Event "XV MIEDZYNARODOWY FESTIWAL SZACHOWY PERLA BALTYKU - GRUPA A"]
[Site "LAZY"]
[Date "1899-12-30"]
[Round "8.10"]
[White "Sokolowski, Ryszard"]
[Black "Kostecka, Marika"]
[Result "1-0"]
[WhiteTitle "k"]
[BlackTitle "WCM"]
[WhiteElo "2064"]
[BlackElo "1924"]

1. d4 Nf6 2. c4 g6 3. Nc3 Bg7 4. e4 O-O 5. Be3 d6 6. f3 c5 7. Nge2 b6 8. d5 e6
9. Ng3 Bb7 10. Be2 exd5 11. cxd5 a6 12. a4 Nbd7 13. O-O Bc8 14. Qd2 Ne8 15. Bg5
f6 16. Bh6 Ne5 17. Bxg7 Nxg7 18. f4 Nf7 19. Rae1 f5 20. Bd1 Re8 21. Rf3 Bd7 22.
Rfe3 Qf6 23. Bb3 Rab8 24. Qe2 fxe4 25. Ngxe4 Qd8 26. g4 Kh8 27. g5 Nf5 28. Rd3
Nd4 29. Qd1 b5 30. Rxd4 cxd4 31. Qxd4+ Ne5 32. Nxd6 Kg8 33. Rxe5 Rxe5 34. Qxe5
bxa4 35. Nce4 Rxb3 36. Nf6+ Kf8 37. Nxd7+ Qxd7 38. Qh8+ 1-0

[Event "XV MIEDZYNARODOWY FESTIWAL SZACHOWY PERLA BALTYKU - GRUPA A"]
[Site "LAZY"]
[Date "1899-12-30"]
[Round "8.11"]
[White "Grzesik, Gracjan"]
[Black "Majewski, Krzysztof"]
[Result "1-0"]
[WhiteTitle "I+"]
[BlackTitle "II+"]
[WhiteElo "1973"]
[BlackElo "1727"]

1. e4 d5 2. exd5 c6 3. dxc6 Nxc6 4. Nf3 e5 5. Bb5 Bd6 6. O-O Nge7 7. d3 h6 8. Re1
O-O 9. h3 Be6 10. Nbd2 f5 11. Nc4 Bxc4 12. Bxc4+ Kh7 13. Ng5+ Kh8 14. Ne6 Qe8
15. Nxf8 Qxf8 16. f4 Qf6 17. c3 Ng6 18. Qf3 Rd8 19. Kh1 Qh4 20. Be3 exf4 21. Bf2
Qg5 22. d4 Nb8 23. Qxb7 Nd7 24. Qf3 Nf6 25. Bd3 Bb8 26. h4 Nxh4 27. Bxh4 Qxh4+
28. Qh3 Qg5 29. Qxf5 Qg3 30. Qh3 Qg5 31. Bf5 g6 32. Be6 f3 33. Qxf3 Nh5 34. Bh3
Ng3+ 35. Kg1 Bf4 36. Qg4 Rf8 37. Qxg5 hxg5 38. Rad1 Rb8 39. b3 Rb7 40. Re6 Kg7
41. d5 Kf7 42. d6 Rd7 43. Rf6+ Kxf6 44. Bxd7 Ne2+ 45. Kf1 Nxc3 46. Rd4 Ke5 47.
Rc4 Nd5 48. Ra4 Kxd6 49. Rxa7 Be3 50. Rb7 Nc3 51. a4 Ne4 52. Be8 Nc5 53. Rb5 Ne6
54. Bxg6 Nc7 55. Rb7 Bd2 56. Ke2 Bf4 57. a5 Kc5 58. b4+ Kc4 59. a6 Kd5 60. Rxc7
1-0

[Event "XV MIEDZYNARODOWY FESTIWAL SZACHOWY PERLA BALTYKU - GRUPA A"]
[Site "LAZY"]
[Date "1899-12-30"]
[Round "8.12"]
[White "Babiarz, Arkadiusz"]
[Black "Sloniewski, Michal"]
[Result "1/2-1/2"]
[WhiteTitle "I++"]
[BlackTitle "I"]
[WhiteElo "1833"]
[BlackElo "1744"]

1. e4 e5 2. Nf3 Nc6 3. Bb5 f5 4. d3 fxe4 5. dxe4 Nf6 6. O-O Bc5 7. Nc3 d6 8. Nd5
O-O 9. Bg5 Ne7 10. Nxf6+ gxf6 11. Bh6 Kh8 12. Bxf8 Qxf8 13. Re1 Qg7 14. Bf1 Ng6
15. Qd2 Bg4 16. Qc3 Nf4 17. Nh4 Rg8 18. Bc4 Re8 19. Qg3 Nh5 20. Nf5 Qg6 21. Qh4
Nf4 22. Ne3 Bf3 23. Qg3 Bxe4 24. Qxg6 Bxg6 25. Rad1 c6 26. g3 Nh3+ 27. Kg2 Ng5
28. f3 d5 29. Bd3 e4 30. fxe4 dxe4 31. Bc4 Nf3 32. Re2 b5 33. Bb3 Nd4 1/2-1/2

[Event "XV MIEDZYNARODOWY FESTIWAL SZACHOWY PERLA BALTYKU - GRUPA A"]
[Site "LAZY"]
[Date "1899-12-30"]
[Round "8.13"]
[White "Sandomierski, Cyprian"]
[Black "Straszewski, Tomasz"]
[Result "1-0"]
[WhiteTitle "II+"]
[BlackTitle "I"]
[WhiteElo "1597"]
[BlackElo "1674"]

1. e4 c6 2. d4 d5 3. exd5 cxd5 4. Bd3 Nc6 5. c3 Nf6 6. Bf4 e6 7. Nf3 Bd6 8. Ne5
Qc7 9. Qe2 Bxe5 10. dxe5 Nd7 11. Bb5 O-O 12. O-O a6 13. Bxc6 bxc6 14. Nd2 a5 15.
Rfe1 Ba6 16. Qg4 Rfb8 17. Bh6 g6 18. b3 Ra7 19. Nf3 c5 20. Qh4 a4 21. Ng5 Nxe5
22. Nxh7 Nd7 23. Nf6+ 1-0

[Event "XV MIEDZYNARODOWY FESTIWAL SZACHOWY PERLA BALTYKU - GRUPA A"]
[Site "LAZY"]
[Date "1899-12-30"]
[Round "8.14"]
[White "Rogala, Milosz"]
[Black "Majocha, Piotr"]
[Result "1/2-1/2"]
[WhiteTitle "II"]
[BlackTitle "I++"]
[WhiteElo "1791"]
[BlackElo "2005"]

1. e4 e6 2. d4 d5 3. Nd2 Nf6 4. e5 Nfd7 5. Bd3 c5 6. c3 Nc6 7. Ne2 Qb6 8. Nf3 cxd4
9. cxd4 f6 10. exf6 Nxf6 11. O-O Bd6 12. Bf4 Bxf4 13. Nxf4 O-O 14. Re1 Qxb2 15.
Nxe6 Bxe6 16. Rxe6 Rae8 17. Rxe8 Rxe8 18. Rb1 Qxa2 19. Rxb7 Ne4 20. Qc2 Qxc2 21.
Bxc2 Ng5 22. Ba4 Nxf3+ 23. gxf3 Re1+ 24. Kg2 Nxd4 25. Rxa7 Ne2 26. f4 Nxf4+ 27.
Kf3 Ng6 28. Bb3 Re5 29. Rd7 Rf5+ 30. Kg4 Rxf2 31. Kg3 Rf3+ 32. Kxf3 Ne5+ 33. Kf4
Nxd7 34. Bxd5+ Kf8 35. Be4 Nf6 36. Bd3 g6 37. Kg3 Kg7 38. Bc2 h6 39. Bd3 Nd5 40.
Be4 Ne7 41. Bb1 Kf6 42. h3 Nf5+ 43. Kh2 Kg5 44. Ba2 Kf4 45. Bd5 h5 46. Bc6 h4
47. Kg2 Ke3 48. Be8 g5 49. Bh5 Ng3 50. Bf3 Ne2 51. Bg4 Nf4+ 52. Kg1 Nd3 53. Kg2
Ne5 54. Bh5 Nc4 55. Bf3 Nd2 56. Bh5 Ne4 57. Bg4 Nf2 58. Bh5 Nd3 59. Bg4 Ke4 60.
Bc8 Kf4 61. Bd7 Ke3 62. Bg4 1/2-1/2

[Event "XV MIEDZYNARODOWY FESTIWAL SZACHOWY PERLA BALTYKU - GRUPA A"]
[Site "LAZY"]
[Date "1899-12-30"]
[Round "8.15"]
[White "Lambrecht, Tomasz"]
[Black "Ulrych, Wojciech"]
[Result "1-0"]
[WhiteTitle "II"]
[BlackTitle "I++"]
[WhiteElo "1601"]
[BlackElo "1870"]

1. d4 Nf6 2. c4 g6 3. Nc3 Bg7 4. e4 d6 5. Be2 O-O 6. Be3 e5 7. d5 Na6 8. g4 Nc5
9. f3 a5 10. h4 h5 11. g5 Nfd7 12. Qd2 Re8 13. Nh3 a4 14. O-O-O Bf8 15. Nf2 c6
16. Nd3 Qa5 17. Nxc5 Nxc5 18. Kb1 Qb4 19. dxc6 bxc6 20. Nd5 Qxd2 21. Nf6+ Kh8
22. Rxd2 Be6 23. Nxe8 Rxe8 24. Bxc5 dxc5 25. Kc2 Be7 26. Kc3 Kg7 27. Bf1 f6 28.
gxf6+ Kxf6 29. Bh3 Bxh3 30. Rxh3 Ke6 31. Rg3 Rg8 32. Rh2 Rf8 33. Kd3 Bd8 34. Ke3
Be7 35. Rgg2 Rg8 36. Rh1 Kf7 37. Rd2 g5 38. Rg2 Kg6 39. hxg5 Rh8 40. f4 exf4+
41. Kxf4 Rf8+ 42. Ke5 Re8 43. Kf4 Rf8+ 44. Ke5 Re8 45. Ke6 Bxg5+ 46. Kd6 Kh6 47.
e5 h4 48. Rf1 Rg8 49. Kxc6 Kh5 50. Rh1 a3 51. bxa3 Rc8+ 52. Kd5 Be3 53. Rh3 Bd4
54. Rgh2 Rd8+ 55. Ke4 Re8 56. Rxh4+ Kg5 57. Rh5+ Kg4 58. R2h4+ Kg3 59. Rf4 Rg8
60. e6 Rg6 61. Re5 Bxe5 62. Kxe5 Rg8 63. e7 Re8 64. Rf7 1-0

[Event "XV MIEDZYNARODOWY FESTIWAL SZACHOWY PERLA BALTYKU - GRUPA A"]
[Site "LAZY"]
[Date "1899-12-30"]
[Round "8.16"]
[White "Starosta, Martyna"]
[Black "Siekanska, Zuzanna"]
[Result "0-1"]
[WhiteTitle "WCM"]
[BlackTitle "I"]
[WhiteElo "1841"]
[BlackElo "1582"]

1. e4 c5 2. Nf3 e6 3. d4 cxd4 4. Nxd4 Nf6 5. Nc3 d6 6. Be3 a6 7. f4 b5 8. a3 Bb7
9. Qf3 Nbd7 10. Nb3 Nc5 11. Bd3 Be7 12. O-O Nxb3 13. cxb3 d5 14. e5 Nd7 15. Qg3
g6 16. b4 Nb6 17. Bd4 Nc4 18. Qf2 Rc8 19. Rae1 O-O 20. Qe2 Rc6 21. Nb1 f5 22.
b3 Nb6 23. Kh1 Qc7 24. Qf3 Rc8 25. Rg1 h5 26. Nd2 Kf7 27. Nf1 Nd7 28. Ne3 Nb8
29. g4 hxg4 30. Nxg4 Rh8 31. Ne3 Nd7 32. Nxf5 exf5 33. e6+ Rxe6 34. Rxe6 Kxe6
35. Rxg6+ Nf6 36. Qe3+ Kf7 37. Bxf5 Bc8 38. Bd3 Rh3 39. Qe2 Qc1+ 40. Rg1 Qxf4
41. Rg7+ Kxg7 42. Qxe7+ Kg8 43. Qe2 Qxd4 0-1

[Event "XV MIEDZYNARODOWY FESTIWAL SZACHOWY PERLA BALTYKU - GRUPA A"]
[Site "LAZY"]
[Date "1899-12-30"]
[Round "8.17"]
[White "Sypien, Natan"]
[Black "Sloniewska, Alicja"]
[Result "1-0"]
[WhiteTitle "I"]
[BlackTitle "I"]
[WhiteElo "1769"]
[BlackElo "1531"]

1. d4 d5 2. c4 dxc4 3. Nf3 a6 4. a4 Nc6 5. Nc3 Bg4 6. e3 Na5 7. Be2 e6 8. O-O Nf6
9. h3 Bh5 10. Ne5 Bxe2 11. Qxe2 Nd5 12. Nxc4 Nxc4 13. Qxc4 c6 14. e4 Nb6 15. Qb3
a5 16. Be3 Ra6 17. f4 Be7 18. f5 exf5 19. Rxf5 O-O 20. Raf1 Qe8 21. d5 Bb4 22.
dxc6 bxc6 23. Na2 c5 24. Nxb4 cxb4 25. Bc5 Ra7 26. Bxb6 Qd7 27. Bxa7 Qxa7+ 28.
Kh1 Qe7 29. Rxa5 Qxe4 30. Rb5 Qe7 31. Rxb4 Qa7 32. Rb7 Qe3 33. Rbxf7 Qxb3 34.
Rxf8# 1-0

[Event "XV MIEDZYNARODOWY FESTIWAL SZACHOWY PERLA BALTYKU - GRUPA A"]
[Site "LAZY"]
[Date "1899-12-30"]
[Round "8.18"]
[White "Szydelko, Kazimierz"]
[Black "Morczynski, Joachim"]
[Result "0-1"]
[WhiteTitle "I"]
[BlackTitle "III"]
[WhiteElo "1699"]
[BlackElo "1733"]

1. Nf3 Nf6 2. d4 g6 3. c4 Bg7 4. g3 O-O 5. Bg2 d6 6. O-O c6 7. Nc3 Nbd7 8. e4 Qc7
9. h3 e5 10. Be3 Re8 11. Qd2 exd4 12. Nxd4 Nc5 13. Qc2 Qe7 14. f3 d5 15. cxd5
cxd5 16. Bg5 Qe5 17. Bxf6 Bxf6 18. Nce2 Ne6 19. Nxe6 Bxe6 20. f4 Qxb2 21. Qxb2
Bxb2 22. Rab1 Bg7 23. Rxb7 dxe4 24. Nc1 Bd4+ 25. Kh2 f5 26. Nb3 Bb6 27. Rc1 Bc8
0-1

[Event "XV MIEDZYNARODOWY FESTIWAL SZACHOWY PERLA BALTYKU - GRUPA A"]
[Site "LAZY"]
[Date "1899-12-30"]
[Round "8.20"]
[White "Wojtowicz, Wojciech"]
[Black "Szydelko, Michal"]
[Result "1/2-1/2"]
[WhiteTitle "II"]
[BlackTitle "I"]
[WhiteElo "1683"]
[BlackElo "1843"]

1. d4 d5 2. Nf3 Nf6 3. g3 e6 4. c4 Be7 5. Bg2 O-O 6. cxd5 exd5 7. O-O c6 8. Nc3
Bf5 9. Qb3 Qb6 10. Qd1 h6 11. a3 Nbd7 12. Re1 Ne4 13. Na4 Qa6 14. Nd2 Ndf6 15.
f3 Nxd2 16. Bxd2 Rad8 17. Rc1 Bg6 18. Kh1 Nd7 19. e4 dxe4 20. fxe4 Qd3 21. d5
cxd5 22. exd5 Bf6 23. Bc3 Bg5 24. Bb4 Bxc1 25. Qxd3 Bxd3 26. Bxf8 Kxf8 27. Rxc1
b5 28. Nc3 Ne5 29. Rd1 Ke7 30. Kg1 Kd6 31. h3 Kc5 32. Kf2 Bg6 33. Bf1 a6 34. b3
Rd6 35. Ke3 Rf6 36. Bg2 Rd6 37. Be4 f5 38. Bg2 b4 39. Na4+ Kb5 40. Kd4 Nd7 41.
Bf1+ Ka5 42. axb4+ Kxb4 43. Bc4 Bf7 44. Rf1 g6 45. g4 Rf6 46. Nb2 fxg4 47. Nd3+
Ka5 48. Ra1+ Kb6 49. Rxa6+ Kc7 50. Rxf6 Nxf6 51. hxg4 Kd6 52. Ne5 Be8 53. b4 h5
54. Be2 hxg4 55. Nxg4 Nxd5 1/2-1/2

[Event "XV MIEDZYNARODOWY FESTIWAL SZACHOWY PERLA BALTYKU - GRUPA A"]
[Site "LAZY"]
[Date "1899-12-30"]
[Round "8.21"]
[White "Kruczynski, Marek"]
[Black "Pyzio, Amelia"]
[Result "1-0"]
[WhiteTitle "I"]
[BlackTitle "I++"]
[WhiteElo "1744"]
[BlackElo "1616"]

1. e4 e5 2. Nc3 Nc6 3. Bc4 Nf6 4. d3 Bc5 5. f4 d6 6. Nf3 Ng4 7. Ng5 O-O 8. f5 h5
9. Nd5 Bf2+ 10. Kf1 Bh4 11. h3 Bxg5 12. hxg4 h4 13. g3 Na5 14. Bxg5 Qxg5 15. Nxc7
Rb8 16. Bb3 hxg3 17. Nd5 Be6 18. Rh5 Qd8 19. Ne3 Bxb3 20. axb3 Nc6 21. Kg2 f6
22. Qh1 Kf7 23. Rh7 Rg8 24. g5 a6 25. Nd5 Ne7 26. Nxf6 1-0

[Event "XV MIEDZYNARODOWY FESTIWAL SZACHOWY PERLA BALTYKU - GRUPA A"]
[Site "LAZY"]
[Date "1899-12-30"]
[Round "8.22"]
[White "Jankowski, Igor"]
[Black "Lazniewski, Tadeusz"]
[Result "1/2-1/2"]
[WhiteTitle "II+"]
[BlackTitle "II+"]
[WhiteElo "1662"]
[BlackElo "1518"]

1. b4 e5 2. Bb2 Bxb4 3. Bxe5 Nf6 4. Nf3 O-O 5. e3 d5 6. Be2 Re8 7. O-O Nbd7 8.
Bb2 Nf8 9. d3 Ng6 10. Nbd2 c6 11. c4 Be6 12. Rc1 Bd6 13. Ng5 Rc8 14. f4 Bd7 15.
c5 Bb8 16. Bd4 h6 17. Nh3 Nf8 18. Rf3 Bxh3 19. Rxh3 Ne6 20. Nf3 Nxd4 21. Nxd4
Rc7 22. Rg3 Qc8 23. Qd2 Rce7 24. Rf1 b6 25. Nb3 bxc5 26. Nxc5 Bd6 27. Nb3 Qc7
28. Nd4 Qd7 29. Nc2 Bc5 30. Kh1 Bb6 31. Bd1 c5 32. Bf3 c4 1/2-1/2

[Event "XV MIEDZYNARODOWY FESTIWAL SZACHOWY PERLA BALTYKU - GRUPA A"]
[Site "LAZY"]
[Date "1899-12-30"]
[Round "8.23"]
[White "Kusiak, Mateusz"]
[Black "Sowinski, Pawel"]
[Result "1-0"]
[WhiteTitle "I"]
[BlackTitle "I+"]
[WhiteElo "1514"]
[BlackElo "1644"]

1. e4 c5 2. Nf3 d6 3. d4 Nf6 4. Nc3 cxd4 5. Nxd4 a6 6. Be2 b5 7. a3 Bb7 8. Bf3
Qc7 9. O-O e6 10. Bg5 Be7 11. Bxf6 Bxf6 12. Ncxb5 axb5 13. Nxb5 Qb6 14. Nxd6+
Ke7 15. Nxb7 Bd4 16. Nd6 Rd8 17. e5 Bxe5 18. Bxa8 Bxd6 19. Qf3 Nd7 20. Be4 Qxb2
21. Rab1 Qe5 22. g3 Rc8 23. Rb7 Bc7 24. Rd1 Nc5 25. Bc6 f6 26. Qg4 Kf8 27. Rbb1
Bd6 28. Bg2 Kf7 29. Qd4 Qxd4 30. Rxd4 Be7 31. a4 Na6 32. Bb7 Rb8 33. c3 Nc5 34.
Be4 Rc8 35. Bg2 f5 36. Rb5 Rc7 37. Rc4 g5 38. a5 h6 39. Bb7 Bd6 40. Rb6 Ke7 41.
a6 Nd7 42. Rxd6 Kxd6 43. Rd4+ Kc5 44. Rxd7 Rxd7 45. a7 Rd8 46. a8=Q Rxa8 47. Bxa8
Kc4 48. Bc6 e5 49. f3 Kxc3 50. Kf2 Kd3 51. Bb5+ Kd2 52. Ba6 f4 53. g4 Kd1 54.
Bb5 Kd2 55. Be2 Kc3 56. Ke1 Kd4 57. Kd2 e4 58. h3 exf3 59. Bxf3 Kc4 60. Be2+ Kd4
61. Bd3 Ke5 62. Kc3 Kd5 63. Bc2 Ke5 64. Kd3 Kd5 65. Bb3+ Kc5 66. Ke4 Kb4 67. Bd5
Kc3 68. Kf5 Kd4 69. Bb7 f3 70. Bxf3 Ke3 71. Bd1 Kf2 72. Kg6 1-0

[Event "XV MIEDZYNARODOWY FESTIWAL SZACHOWY PERLA BALTYKU - GRUPA A"]
[Site "LAZY"]
[Date "1899-12-30"]
[Round "8.24"]
[White "Bochenek, Ryszard"]
[Black "Pacuszka, Wioletta"]
[Result "1/2-1/2"]
[WhiteTitle "II"]
[BlackTitle "I++"]
[WhiteElo "1358"]
[BlackElo "1836"]

1. d4 d5 2. Nf3 e6 3. g3 Nf6 4. Bg2 Nbd7 5. b3 Be7 6. O-O O-O 7. Bb2 c5 8. e3 b6
9. Nbd2 Ba6 10. c4 Rc8 11. Rc1 Re8 12. Qe2 Bb7 13. Rfd1 Bf8 14. Ne5 Rc7 15. Ndf3
h6 16. Nxd7 Qxd7 17. Ne5 Qc8 18. h3 Rd8 19. g4 Bd6 20. h4 Nh7 21. f4 f6 22. Ng6
Nf8 23. Nxf8 Bxf8 24. g5 hxg5 25. fxg5 f5 26. g6 Be7 27. Qh5 Bf6 28. Rd2 dxc4
29. Bxb7 Qxb7 30. bxc4 Qe4 31. Qh7+ Kf8 32. Rcc2 Qxe3+ 33. Rf2 Qg3+ 34. Rg2 Qe1+
35. Kh2 Qxh4+ 36. Kg1 Qe1+ 37. Kh2 cxd4 38. Ba3+ Ke8 39. Rce2 Qh4+ 40. Kg1 Qxh7
41. Rxe6+ Kd7 42. Rd6+ Kc8 43. Rxd8+ Kxd8 44. gxh7 g5 45. Rh2 Bh8 46. Rh6 Rd7
47. Bc1 f4 48. Kf2 Kc7 49. Kf3 Rd6 50. Rh5 Rg6 51. Ke4 Re6+ 52. Kf3 Rg6 53. Ke4
Rg7 1/2-1/2

[Event "XV MIEDZYNARODOWY FESTIWAL SZACHOWY PERLA BALTYKU - GRUPA A"]
[Site "LAZY"]
[Date "1899-12-30"]
[Round "9.1"]
[White "Koziak, Vitali"]
[Black "Sobczynski, Roman"]
[Result "1-0"]
[WhiteTitle "IM"]
[BlackTitle "I+"]
[WhiteElo "2473"]
[BlackElo "1849"]

1. d4 d5 2. c4 e6 3. Nc3 Nf6 4. Bg5 Be7 5. Nf3 O-O 6. e3 b6 7. Bd3 dxc4 8. Bxc4
Bb7 9. O-O Ne4 10. Bxe7 Qxe7 11. Rc1 Nd7 12. Nxe4 Bxe4 13. Bb5 c5 14. Bxd7 Bxf3
15. Qxf3 Qxd7 16. dxc5 bxc5 17. Qe2 Rac8 18. Rfd1 Qa4 19. b3 Qa5 20. Qd2 Qb6 21.
h3 Rfd8 22. Qc2 Rxd1+ 23. Rxd1 h6 24. Rd3 a5 25. Rc3 g6 26. Rc4 Rc7 27. a3 Rc8
28. b4 axb4 29. axb4 Rb8 30. bxc5 Qc6 31. Qa4 Qd5 32. Qc2 Qc6 33. Rd4 Rc8 34.
Qc3 Kh7 35. Rf4 Kg8 36. Qf6 Qe8 37. Rd4 Qf8 38. c6 Kh7 39. Rd7 1-0

[Event "XV MIEDZYNARODOWY FESTIWAL SZACHOWY PERLA BALTYKU - GRUPA A"]
[Site "LAZY"]
[Date "1899-12-30"]
[Round "9.2"]
[White "Zabron, Maksym"]
[Black "Cukrowski, Filip"]
[Result "1/2-1/2"]
[WhiteTitle "I"]
[BlackTitle "FM"]
[WhiteElo "1797"]
[BlackElo "2421"]

1. d4 e6 2. Nf3 Nf6 3. Bg5 h6 4. Bxf6 Qxf6 5. e4 g6 6. Bd3 d6 7. Nc3 Bg7 8. Qe2
O-O 9. e5 Qe7 10. O-O b6 11. Nd2 Bb7 12. f4 c5 13. Nb5 d5 14. c3 Ba6 15. Nd6 Bxd3
16. Qxd3 Rd8 17. Nf3 Bf8 18. h4 f5 19. exf6 Qxf6 20. Nb5 a6 21. Na3 cxd4 22. cxd4
Nc6 23. Nc2 Qf5 24. Qd2 Rac8 25. Rac1 Bg7 26. Ne5 Nxe5 27. fxe5 Qh5 28. Qd3 Kh7
29. Qh3 Qe2 30. Rf2 Qb5 31. b3 Qd7 32. Qd3 Qb5 33. Qxb5 axb5 34. Rcf1 1/2-1/2

[Event "XV MIEDZYNARODOWY FESTIWAL SZACHOWY PERLA BALTYKU - GRUPA A"]
[Site "LAZY"]
[Date "1899-12-30"]
[Round "9.3"]
[White "Swicarz, Maciej"]
[Black "Luczak, Filip"]
[Result "1-0"]
[WhiteTitle "m"]
[BlackTitle "CM"]
[WhiteElo "2341"]
[BlackElo "2114"]

1. b3 d5 2. Bb2 Bg4 3. h3 Bh5 4. g4 Bg6 5. Bg2 c6 6. d3 Nd7 7. f4 e6 8. Nf3 f6
9. e3 Bd6 10. Qe2 Ne7 11. Nbd2 Qa5 12. a3 Qc7 13. h4 e5 14. fxe5 Nxe5 15. Nd4
Qd7 16. Bh3 c5 17. g5 f5 18. N4f3 Qc7 19. Nxe5 Bxe5 20. O-O-O Bxb2+ 21. Kxb2 Qe5+
22. d4 cxd4 23. Qb5+ Kf7 24. Nf3 Qxe3 25. Rd3 Qf4 26. Re1 Rhe8 27. Qxb7 Rad8 28.
Qxa7 Kf8 29. Qxd4 Qg3 30. Bf1 f4 31. Rc3 Be4 32. Bb5 Nf5 33. Qc5+ Re7 34. Rxe4
dxe4 35. Qxf5+ Kg8 36. Ne5 f3 37. Nc6 Rf7 38. Bc4 Rdf8 39. Qxe4 Kh8 40. Bxf7 f2
41. Qe7 Rg8 42. Rxg3 f1=Q 43. Bxg8 1-0

[Event "XV MIEDZYNARODOWY FESTIWAL SZACHOWY PERLA BALTYKU - GRUPA A"]
[Site "LAZY"]
[Date "1899-12-30"]
[Round "9.4"]
[White "Karpus, Michal"]
[Black "Jaroch, Karol"]
[Result "1-0"]
[WhiteTitle "FM"]
[BlackTitle "m"]
[WhiteElo "2312"]
[BlackElo "2242"]

1. e4 e6 2. d4 d5 3. Nd2 Nf6 4. e5 Nfd7 5. Bd3 c5 6. c3 Nc6 7. Ne2 Be7 8. O-O c4
9. Bc2 b5 10. b3 Nb6 11. bxc4 bxc4 12. a4 Na5 13. Ba3 Bxa3 14. Rxa3 Bd7 15. f4
Qe7 16. Ra1 f5 17. exf6 gxf6 18. Kh1 O-O-O 19. Nf3 Kc7 20. Ng3 Rdg8 21. f5 e5
22. dxe5 fxe5 23. Re1 e4 24. Nd4 h5 25. Nf1 h4 26. h3 Qe5 27. Rb1 Rg7 28. Ne3
Rhg8 29. Qe2 Rg3 30. Qf2 Kd8 31. Ne2 R3g5 32. Red1 Nb3 33. Bxb3 cxb3 34. a5 Nc4
35. Rxd5 Rxg2 36. Qxh4+ Qe7 37. Nxg2 1-0

[Event "XV MIEDZYNARODOWY FESTIWAL SZACHOWY PERLA BALTYKU - GRUPA A"]
[Site "LAZY"]
[Date "1899-12-30"]
[Round "9.5"]
[White "Klusak, Piotr"]
[Black "Kopaczewski, Adam"]
[Result "1/2-1/2"]
[WhiteTitle "k"]
[BlackTitle "I++"]
[WhiteElo "2152"]
[BlackElo "2046"]

1. Nf3 Nf6 2. c4 e6 3. g3 b6 4. Bg2 Bb7 5. O-O Be7 6. d4 O-O 7. Re1 c5 8. Nc3 cxd4
9. Nxd4 Bxg2 10. Kxg2 d5 11. cxd5 Nxd5 12. Nxd5 Qxd5+ 13. e4 Qd7 14. Bf4 Rd8 15.
Nf3 Qb7 16. Qe2 Na6 17. Be5 h6 18. Bc3 Nc5 19. Bd4 Rac8 20. Rad1 a5 21. Bxc5 Bxc5
22. Rxd8+ Rxd8 23. Qc4 Qd7 24. Re2 Qd1 25. Qc2 Kf8 26. Rd2 Rxd2 27. Qxd2 Qxd2
28. Nxd2 Ke7 29. f4 Bd4 30. b3 Kd6 31. Kf1 Kc5 32. Ke2 Bc3 33. Nf3 Kb4 34. Kd3
b5 35. Kc2 Ba1 36. Kb1 Bc3 37. Kc2 Ba1 1/2-1/2

[Event "XV MIEDZYNARODOWY FESTIWAL SZACHOWY PERLA BALTYKU - GRUPA A"]
[Site "LAZY"]
[Date "1899-12-30"]
[Round "9.6"]
[White "Krainski, Aleksander"]
[Black "Sokolowski, Ryszard"]
[Result "1-0"]
[WhiteTitle "FM"]
[BlackTitle "k"]
[WhiteElo "2117"]
[BlackElo "2064"]

1. d4 Nf6 2. Nf3 c5 3. d5 e6 4. c4 b5 5. dxe6 fxe6 6. cxb5 d5 7. e3 Bd6 8. Nc3
Nbd7 9. a4 O-O 10. a5 Ne5 11. Be2 Rb8 12. O-O Nxf3+ 13. Bxf3 d4 14. exd4 cxd4
15. Ne2 e5 16. Bc6 Be6 17. Ng3 Nd5 18. Ne4 Nf4 19. Bxf4 Rxf4 20. Qd3 Be7 21. Rfc1
Qf8 22. b6 axb6 23. a6 Bb4 24. a7 Ra8 25. Qb5 Ba5 26. Qxe5 Rxa7 27. Qxe6+ Kh8
28. Bb7 Rxb7 29. Rc8 Rb8 30. Rxf8+ Rfxf8 31. Rd1 Rfe8 32. Qd5 Rbd8 33. Nd6 1-0

[Event "XV MIEDZYNARODOWY FESTIWAL SZACHOWY PERLA BALTYKU - GRUPA A"]
[Site "LAZY"]
[Date "1899-12-30"]
[Round "9.7"]
[White "Cyra, Dariusz"]
[Black "Grzesik, Gracjan"]
[Result "1-0"]
[WhiteTitle "I"]
[BlackTitle "I+"]
[WhiteElo "1791"]
[BlackElo "1973"]

1. d4 Nf6 2. Bf4 c5 3. c3 Qb6 4. Qc2 cxd4 5. cxd4 Nc6 6. e3 d6 7. Nd2 Qa5 8. Qc3
Qxc3 9. bxc3 Nd5 10. Rc1 Nxf4 11. exf4 Be6 12. a3 Rc8 13. Ngf3 g6 14. Bd3 Bg7
15. O-O Na5 16. Rfe1 Bc4 17. Nxc4 Nxc4 18. Rb1 Na5 19. Bb5+ Kf8 20. Re3 d5 21.
Nd2 e6 22. Nb3 Nxb3 23. Rxb3 a6 24. Bf1 b5 25. a4 bxa4 26. Ra3 Ra8 27. Rxa4 a5
28. Re1 Bf6 29. Rea1 Bd8 30. Rb1 Kg7 31. Rb7 1-0

[Event "XV MIEDZYNARODOWY FESTIWAL SZACHOWY PERLA BALTYKU - GRUPA A"]
[Site "LAZY"]
[Date "1899-12-30"]
[Round "9.8"]
[White "Betkowski, Andrzej"]
[Black "Kutowski, Marcel"]
[Result "1-0"]
[WhiteTitle "k"]
[BlackTitle "I"]
[WhiteElo "2038"]
[BlackElo "1659"]

1. e4 c6 2. d4 d5 3. e5 c5 4. dxc5 Nc6 5. Nf3 e6 6. a3 Bxc5 7. b4 Bb6 8. Bd3 a6
9. Bb2 Nge7 10. O-O Ng6 11. g3 O-O 12. Nbd2 Qe7 13. c4 dxc4 14. Bxc4 Bc7 15. Qe2
Rd8 16. Rad1 b5 17. Ba2 Bb7 18. h4 h6 19. h5 Nf8 20. Bb1 g6 21. Ne4 Rxd1 22. Rxd1
Rd8 23. Re1 Nd7 24. Nf6+ Kg7 25. Qe3 Bxe5 26. Nxe5 Qxf6 27. Nxc6 Qxb2 28. Nxd8
1-0

[Event "XV MIEDZYNARODOWY FESTIWAL SZACHOWY PERLA BALTYKU - GRUPA A"]
[Site "LAZY"]
[Date "1899-12-30"]
[Round "9.9"]
[White "Korosciel, Aneta"]
[Black "Sandomierski, Cyprian"]
[Result "1-0"]
[WhiteTitle "m"]
[BlackTitle "II+"]
[WhiteElo "1983"]
[BlackElo "1597"]

1. d4 d5 2. Nf3 Nf6 3. Bf4 e6 4. e3 Bd6 5. Bg3 Bxg3 6. hxg3 b6 7. c3 O-O 8. Bd3
h6 9. Qe2 c5 10. Nbd2 a5 11. Ne5 Ba6 12. g4 c4 13. Bc2 Nfd7 14. f4 Nxe5 15. dxe5
f5 16. exf6 Qxf6 17. O-O-O g5 18. fxg5 Qxg5 19. Rh5 Qg7 20. g5 hxg5 21. Qg4 Kf7
22. Rh7 Rg8 23. Rf1+ Ke8 24. Qxe6+ Kd8 25. Qxd5+ 1-0

[Event "XV MIEDZYNARODOWY FESTIWAL SZACHOWY PERLA BALTYKU - GRUPA A"]
[Site "LAZY"]
[Date "1899-12-30"]
[Round "9.10"]
[White "Kostecka, Marika"]
[Black "Hasinski, Krystian"]
[Result "0-1"]
[WhiteTitle "WCM"]
[BlackTitle "I++"]
[WhiteElo "1924"]
[BlackElo "1836"]

1. e4 c6 2. d4 d5 3. Nc3 dxe4 4. Nxe4 Bf5 5. Ng3 Bg6 6. h4 h6 7. Nf3 Nd7 8. h5
Bh7 9. Bd3 Bxd3 10. Qxd3 e6 11. Bd2 Ngf6 12. O-O-O Qc7 13. Kb1 Bd6 14. Ne4 Nxe4
15. Qxe4 Nf6 16. Qe2 O-O-O 17. Ne5 Bxe5 18. dxe5 Nd5 19. f4 c5 20. g4 Rd7 21.
g5 Ne7 22. gxh6 gxh6 23. Be3 Rhd8 24. Bf2 Rxd1+ 25. Rxd1 Rxd1+ 26. Qxd1 Nf5 27.
a3 Qc6 28. Qg1 b6 29. Qg8+ Kc7 30. Qxf7+ Qd7 31. Qg6 a5 32. Kc1 Kc6 33. a4 Kc7
34. Qg8 Qxa4 35. Qxe6 Qxf4+ 36. Kb1 Qxf2 37. Qf7+ Kc6 38. e6 Qf1+ 39. Ka2 Qc4+
40. Kb1 Qd5 41. c4 Qd3+ 42. Ka1 a4 43. e7 Nxe7 44. Qe8+ Qd7 45. Qa8+ Kd6 46. Qe4
Qe6 47. Qb7 Nc6 48. Qxb6 Qxc4 49. Kb1 Qd3+ 50. Ka2 Qb3+ 51. Qxb3 axb3+ 52. Kxb3
Kd5 53. Kc3 Nd4 54. b3 Ne2+ 55. Kd3 Nf4+ 56. Kc3 Nxh5 57. b4 cxb4+ 58. Kxb4 0-1

[Event "XV MIEDZYNARODOWY FESTIWAL SZACHOWY PERLA BALTYKU - GRUPA A"]
[Site "LAZY"]
[Date "1899-12-30"]
[Round "9.11"]
[White "Luba, Lukasz"]
[Black "Lambrecht, Tomasz"]
[Result "1/2-1/2"]
[WhiteTitle "I++"]
[BlackTitle "II"]
[WhiteElo "2177"]
[BlackElo "1601"]

1. d4 c5 2. e3 cxd4 3. exd4 d5 4. Bd3 Nf6 5. c3 Nc6 6. Bg5 e6 7. Qc2 h6 8. Be3
Bd6 9. f3 Qc7 10. g3 Bd7 11. Nd2 O-O 12. Ne2 Rfc8 13. a3 Rab8 14. O-O b5 15. Rf2
a5 16. Raf1 Qa7 17. Qd1 b4 18. axb4 axb4 19. c4 e5 20. Qa1 Qxa1 21. Rxa1 exd4
22. Nxd4 Ne5 23. Bf1 Nxc4 24. Nxc4 dxc4 25. Rc2 c3 26. bxc3 Rxc3 27. Rxc3 bxc3
28. Bc4 Rc8 1/2-1/2